Tribhuvan University Central Library

The action of human resources and poverty on one another; what we have yet to learn (Record no. 20834)

MARC details
000 -LEADER
fixed length control field 006510000a22002410004500
082 ## - DEWEY DECIMAL CLASSIFICATION NUMBER
Classification number 362.5
Item number B396a
-- UN
020 ## - INTERNATIONAL STANDARD BOOK NUMBER
International Standard Book Number 0-8213-1689-3
041 ## - LANGUAGE CODE
Language code of text/sound track or separate title Eng
100 ## - MAIN ENTRY--PERSONAL NAME
Personal name Behrman, Jere R.
245 ## - TITLE STATEMENT
Title The action of human resources and poverty on one another; what we have yet to learn
260 ## - PUBLICATION, DISTRIBUTION, ETC. (IMPRINT)
Place of publication, distribution, etc Washington,D.C.
Name of publisher, distributor, etc The World Bank
-- US
260 ## - PUBLICATION, DISTRIBUTION, ETC. (IMPRINT)
Date of publication, distribution, etc 1990
300 ## - PHYSICAL DESCRIPTION
Extent x,156p.
440 ## - SERIES STATEMENT/ADDED ENTRY--TITLE
Title Living standard measurement study working paper
-- 74
500 ## - GENERAL NOTE
General note Bibliography: p.131-156
518 ## - DATE/TIME AND PLACE OF AN EVENT NOTE
Date/time and place of an event note 20000201
530 ## - ADDITIONAL PHYSICAL FORM AVAILABLE NOTE
Additional physical form available note M
650 ## - SUBJECT ADDED ENTRY--TOPICAL TERM
Topical term or geographic name as entry element Poverty alleviation
650 ## - SUBJECT ADDED ENTRY--TOPICAL TERM
Topical term or geographic name as entry element Poor
650 ## - SUBJECT ADDED ENTRY--TOPICAL TERM
Topical term or geographic name as entry element Hunger
650 ## - SUBJECT ADDED ENTRY--TOPICAL TERM
Topical term or geographic name as entry element Human resources
942 ## - ADDED ENTRY ELEMENTS (KOHA)
Koha item type General Collections
Holdings
Withdrawn status Lost status Damaged status Not for loan Home library Current library Date acquired Total Checkouts Barcode Date last seen Price effective from
        Tribhuvan University Central Library Tribhuvan University Central Library 06/20/2010   UN9831 06/20/2010 06/20/2010